|
|
|
|
| LEADER |
00000nab a2200000 a 4500 |
| 001 |
vtls011120206 |
| 003 |
SK-MaSNL |
| 005 |
20260303145458.0 |
| 008 |
230222|2011 xo |||||||||||||||||slo| |
| 015 |
|
|
|a SNBRB
|
| 035 |
|
|
|a (uuid)7018c721-d2d6-4a75-bcc4-98f1c9af1ac4
|
| 035 |
|
|
|a (urnnbn)urn:nbn:sk:snk:ar-a08p9s
|
| 035 |
|
|
|a urn:nbn:sk:snk-ab9qsg
|
| 040 |
|
|
|a SNKBUCL
|b slo
|c SNKBUCL
|e AACR2
|
| 041 |
0 |
|
|a slo
|
| 044 |
|
|
|a xo
|c SK
|
| 100 |
1 |
|
|a Renčko, Tomáš
|4 aut
|9 426225
|
| 245 |
1 |
0 |
|a SPÔSOBY ZNIŽOVANIA VLHKOSTI V SPODNEJ STAVBE HISTORICKÝCH BUDOV
|c Tomáš Renčko, Anna Sedlákova
|
| 700 |
1 |
|
|a Sedlákova, Anna
|4 aut
|9 548806
|
| 773 |
0 |
|
|t Správca bytových domov : odborný časopis zaoberajúci sa správou bytových domov
|g Roč. 6, č. 3 (2011), s. 16-18
|
| 954 |
|
|
|a odborná, vedecká literatúra pôvodná (slovenská)
|2 lita
|
| 958 |
|
|
|a OND
|
| 958 |
|
|
|a EUIPO
|
| 958 |
|
|
|a article13
|
| 999 |
|
|
|c 2003262
|d 2005192
|